Shelter, settlement and development (Record no. 957)

MARC details
000 -LEADER
fixed length control field 00493nam a2200169Ia 4500
020 ## - INTERNATIONAL STANDARD BOOK NUMBER
ISBN 0-04-711023-6
082 ## - DEWEY DECIMAL CLASSIFICATION NUMBER
Classification number 363.5091724 SHE;
245 #0 - TITLE STATEMENT
Title Shelter, settlement and development
260 ## - PUBLICATION, DISTRIBUTION, ETC. (IMPRINT)
Place of publication London
Name of publisher Allen & Unwin
Year of publication 1987
300 ## - PHYSICAL DESCRIPTION
Number of Pages ix, 476p.: figures,tables
504 ## - BIBLIOGRAPHY, ETC. NOTE
Bibliography, etc Includes index
650 ## - SUBJECT ADDED ENTRY--TOPICAL TERM
Topical Term Housing development - Developing countries
650 ## - SUBJECT ADDED ENTRY--TOPICAL TERM
Topical Term Housing policy - Developing countries
650 ## - SUBJECT ADDED ENTRY--TOPICAL TERM
Topical Term Housing - Developing countries
700 ## - ADDED ENTRY--PERSONAL NAME
Personal name Rodwin, Lioyd
942 ## - ADDED ENTRY ELEMENTS (KOHA)
Koha item type Books
Holdings
Withdrawn status Lost status Damaged status Not for loan Home library Current library Date acquired Bill Date Full call number Accession Number Price effective from Koha item type
        NASSDOC Library NASSDOC Library 08/06/2004 2004-10-22 363.5091724 SHE; 27860 18/04/2019 Books